Koruna /
Úspešný seriál Koruna (The Crown) z produkcie Netflixu si vzal na mušku život kráľovnej Alžbety II. a jej rodiny. Každá epizóda pritiahla k obrazovkám milióny fanúšikov. Ako však rozlíšiť historickú realitu od fikcie? Čo je pravda a čo je lož? V tejto knihe rozoberáme a dešifrujeme epizódu po epizód...
Uloženo v:
| Hlavní autor: | |
|---|---|
| Médium: | E-kniha |
| Jazyk: | Czech |
| Vydáno: |
Praha :
Albatros Media Slovakia s.r.o.,
2022
|
| Tagy: |
Žádné tagy |
| LEADER | 01413nam a22002297i 4500 | ||
|---|---|---|---|
| 001 | 311501 | ||
| 007 | ta | ||
| 008 | 260601s2022 xr ||||| |||| 00| 0 cze d | ||
| 020 | |a 9788056626375 | ||
| 044 | |a xr | ||
| 100 | 1 | |a Lamy, Corentin |4 aut | |
| 245 | 1 | 0 | |a Koruna / |c Lamy, Corentin |
| 240 | 1 | 0 | |a The Crown le vrai du faux |
| 264 | 1 | |a Praha : |b Albatros Media Slovakia s.r.o., |c 2022 | |
| 300 | |a 1 online zdroj (216 stran) | ||
| 336 | |a text |b txt |2 rdacontent | ||
| 337 | |a bez média |b n |2 rdamedia | ||
| 338 | |a online zdroj |b cr |2 rdacarrier | ||
| 520 | 2 | |a Úspešný seriál Koruna (The Crown) z produkcie Netflixu si vzal na mušku život kráľovnej Alžbety II. a jej rodiny. Každá epizóda pritiahla k obrazovkám milióny fanúšikov. Ako však rozlíšiť historickú realitu od fikcie? Čo je pravda a čo je lož? V tejto knihe rozoberáme a dešifrujeme epizódu po epizóde všetky štyri série, ktoré už boli odvysielané, a s prispením fotografií a výstrižkov z dobovej tlače ich konfrontujeme s historickými faktami. | |
| 910 | |a RBIT002 | ||
| 998 | |d 345656 |a https://core.palmknihy.cz/api/books/345656/cover?sgozp6 |b https://core.palmknihy.cz/api/books/345656/cover/400?sgozp6 |c https://core.palmknihy.cz/api/books/345656/cover/50?sgozp6 |e 2027-07-07 |g 216 |i 9788056626375 |k https://core.palmknihy.cz/api/books/345656/preview.pdf |l |q 49 |r 1 |s https://www.palmknihy.cz/kniha/345656 |t ebook |y 2022 |z 1 | ||
| 999 | |d 311499 | ||